Gaming Quiz

Random Gaming or Console Quiz

Xygni's 100 Greatest Video Games Quiz Stats

 Plays Quiz not verified by Sporcle

Score 0/100 Timer 15:00
0 Plays Today
Rank (Year) Game Title % Correct
59. (1986)Super Mario Bros.
79.1%
2. (1998)The Legend of Zelda: Ocarina of Time
75.7%
3. (1990)Super Mario World
72.2%
7. (1996)Super Mario 64
69.8%
34. (2001)Halo: Combat Evolved
69.5%
96. (1994)Final Fantasy III
66.8%
9. (2004)Halo 2
65.6%
36. (1990)Super Mario Bros. 3
63.6%
50. (2007)Halo 3
62.9%
67. (1997)Final Fantasy VII
62.4%
11. (1992)The Legend of Zelda: A Link to the Past
58.5%
66. (1987)The Legend of Zelda
57.5%
35. (1997)Goldeneye 007
56%
76. (1999)Super Smash Bros.
55%
10. (1998)Pokemon Red and Blue
54.5%
74. (1996)Resident Evil
54.1%
22. (2008)Grand Theft Auto IV
53.6%
4. (2005)Resident Evil 4
52.3%
6. (1994)Super Metroid
50.6%
86. (1986)Metroid
50.6%
47. (2000)The Legend of Zelda: Majora's Mask
50.1%
83. (2004)Grand Theft Auto: San Andreas
49.1%
25. (2007)Super Mario Galaxy
47.4%
78. (1995)Chrono Trigger
47.2%
18. (2003)The Legend of Zelda: The Wind Waker
46.4%
69. (1992)Super Mario Kart
44.7%
21. (1995)Super Mario World 2: Yoshi's Island
44.2%
26. (2001)Super Smash Bros Melee
44%
55. (2002)Metroid Prime
43.7%
72. (2001)Metal Gear Solid 2: Sons of Liberty
42.5%
30. (2008)Super Smash Bros Brawl
40.5%
49. (2006)Gears of War
38.3%
46. (2005)God of War
38.1%
20. (2007)Bioshock
36.6%
Rank (Year) Game Title % Correct
5. (2005)Shadow of the Colossus
34.4%
33. (2008)Gears of War 2
32.9%
85. (2000)Perfect Dark
32.4%
70. (2007)Portal
31.4%
15. (2009)Uncharted 2: Among Thieves
31.2%
28. (1996)Super Mario RPG: Legend of the Seven Stars
30.5%
57. (1998)Starcraft
30.5%
41. (2004)Metroid Prime 2: Echoes
29%
16. (2008)Fallout 3
28%
45. (1995)Donkey Kong Country 2: Diddy's Kong Quest
28%
79. (2003)Pokemon Ruby and Sapphire
27.5%
1. (1996)Earthbound
26%
71. (2007)Metroid Prime 3: Corruption
25.6%
88. (1988)Mega Man 2
25.1%
17. (2003)Star Wars: Knights of the Old Republic
23.8%
64. (2005)Guitar Hero
23.3%
94. (2007)Rock Band
22.9%
56. (2001) Paper Mario
22.1%
39. (2002)Kingdom Hearts
21.4%
48. (2006)Guitar Hero II
21.1%
8. (2008)Rock Band 2
20.6%
51. (2002)Warcraft III: Reign of Chaos
19.7%
84. (1995)Ultimate Mortal Kombat 3
19.7%
29. (2000)Banjo-Tooie
19.2%
92. (2004)Doom 3
18.4%
62. (2006)Okami
17.7%
31. (2001)Pikmin
17.4%
24. (2004)Paper Mario: The Thousand-Year Door
17%
23. (2008)LittleBigPlanet
16.5%
54. (2005)Mario Kart DS
16.5%
65. (2004)The Sims 2
14.5%
13. (2003)Prince of Persia: The Sands of Time
13%
40. (2005)The Legend of Zelda: The Minish Cap
12.8%
77. (2004)Pikmin 2
12.3%
Rank (Year) Game Title % Correct
99. (1990)Dr. Mario
12.3%
14. (2008)Dead Space
11.3%
32. (2006)Dead Rising
11.3%
27. (2005)Psychonauts
10.3%
100. (2001)Tony Hawk's Pro Skater 3
10.3%
80. (1998)Grim Fandango
10.1%
95. (1999)Pokemon Snap
8.8%
75. (1999)Age of Empires II: The Age of Kings
8.4%
19. (1999)Rayman 2: The Great Escape
7.1%
52. (2003)Mario & Luigi: Superstar Saga
6.9%
60. (2004)Katamari Damacy
6.9%
68. (2005)Tom Clancy's Splinter Cell Chaos Theory
5.9%
53. (2009)Infamous
5.7%
97. (1996)Kirby Super Star
5.4%
91. (2004)Star Wars Battlefront
5.2%
43. (2004)Burnout 3: Takedown
4.9%
73. (2005)Star Wars Battlefront II
4.9%
12. (2003)Golden Sun: The Lost Age
3.9%
98. (1992)Super Star Wars
2.7%
38. (2005)Burnout Revenge
2.2%
89. (2004)The Legend of Zelda: Four Swords Adventures
2.2%
90, (2008)Professor Layton and the Curious Village
2.2%
93. (2007)Worms
2.2%
37. (2006)Tom Clancy's Splinter Cell Double Agent
2%
82. (2004)Spider-Man 2
2%
44. (2004)Alien Hominid
1.7%
42. (1998)Space Station Silicon Valley
1.5%
58. (1999)Harvest Moon 64
1.5%
61. (2009)Worms 2: Armageddon
1.5%
81. (2005)Star Wars Republic Commando
1.2%
87. (2000)Bomberman 64: The Second Attack
1.2%
63. (2005)Kirby Canvas Curse
0.5%

You're not logged in!

Compare scores with friends on all Sporcle quizzes.
OR
Log In

Show Comments

Extras

Top Quizzes Today


Score Distribution

Your Account Isn't Verified!

In order to create a playlist on Sporcle, you need to verify the email address you used during registration. Go to your Sporcle Settings to finish the process.

Report this User

Report this user for behavior that violates our Community Guidelines.

Details: